00568 a2200133 4500020001500000090001500015245004600030260010400076300002900180650004600209942002100255999001700276952014100293 a0963488406 c7095d709510aVisualizing datac/ William S. Cleveland.0 aMurray Hill, N.J.b: At&T Bell Laboratoriesa; [Summit, N.J.b: Published by Hobart Pressc, c1993] a360 p.b: ill.c; 26 cm. 0aMathematical statisticsxGraphic methods. cBKk001.4224 CLE c10900d10900 00102ddc40708CSaCLbCLcCSd2012-04-20eGlobal~Link Information Servicesg4275.29o005 CLEpSEECS011254r2012-11-14w2017-01-05yBK